[Event "8th Memorial Ekrem Galijatovic 2022"]
[Site "Sarajevo"]
[Date "2022.03.15"]
[Round "7.4"]
[White "Hadzovic, Amir"]
[Black "Mrndjic, Muamer"]
[Result "0-1"]
[WhiteElo "2290"]
[BlackElo "2274"]
[Annotator "TA"]
[PlyCount "84"]
[EventDate "2022.03.13"]
[EventType "tourn"]
[EventCountry "BIH"]
[SourceTitle "playchess.com"]
[Source "ChessBase"]
[SourceQuality "1"]

{[%evp 9,83,0,0,0,41,24,56,0,42,-29,31,15,18,21,39,20,45,-11,0,4,16,-31,15,8,22,19,42,24,22,22,25,-42,-10,-123,-141,-135,0,0,78,95,106,0,0,0,0,-65,-100,-133,-129,-143,-163,-155,-149,-316,-319,-474,-439,-691,-671,-729,-708,-1075,-1033,-1308,-1284,-2712,-2038,-29993,-29994,-29995,-29996,-29997,-29998,-29998,-29999,-29999]} 1. e4 c5 2. Be2 Nc6 3. f4 g6 4. Nf3 Bg7 5. c3 d5 6. d3 {B21: Sicilian: 2 f4 and Morra Gambit.} e5 (6... dxe4 $11 7. dxe4 Qxd1+ 8. Bxd1 Nf6) 7. O-O Nge7 {[#]} 8. Qe1 $146 (8. exd5 $1 $14 Nxd5 9. fxe5) ({Predecessor:} 8. fxe5 Nxe5 9. Bg5 N5c6 10. Nbd2 O-O 11. Kh1 h6 12. Be3 b6 13. Bf2 Bb7 14. Qb3 {0-1 (31) Beshukov,S (2428)-Vallejo Pons,F (2554) Saint Vincent 2000}) 8... O-O (8... d4 $11 {should be considered.}) 9. Qh4 (9. fxe5 $14 Nxe5 10. Nxe5 Bxe5 11. Bh6) 9... c4 (9... exf4 $1 $11 10. Bxf4 Qb6) 10. dxc4 $14 dxe4 11. Ng5 {[%csl Gg5,LRe4,LRh7][%cal Rh4h7]} h6 {aiming for ...Nf5.} 12. Nxe4 f5 {[#]} 13. Nf2 (13. Rd1 $1 $14 Qc7 14. Nd6) 13... Be6 {[%mdl 1024] Black has compensation.} 14. Na3 Qb6 15. Nc2 (15. fxe5 g5 16. Qh3 Nxe5 $15) (15. Re1 $11) 15... e4 (15... Rfe8 $15) 16. Rb1 $11 Rfe8 17. Be3 Qa6 18. Na3 Na5 {[%cal Ra5c4]} 19. Rfd1 Nxc4 20. Bd4 ({White should try} 20. Bc5 $11 g5 21. fxg5) 20... b5 $1 $15 {[%cal Oc4b2] Strongly threatening ...Nxb2!} ({Resist} 20... Bxd4 21. Rxd4 b5 22. Qf6 Nxa3 23. bxa3 $16) 21. Nxb5 Qxb5 $17 22. b3 {[%cal Bb2b3,Bb3c4,Bc4c5][%mdl 32]} Qc6 23. bxc4 $11 Nc8 (23... Qc7 $11) 24. c5 $16 Qc7 25. Rb2 (25. Bb5 $16 Rf8 26. a4) 25... Rb8 $11 26. Rbd2 Ne7 27. Bxg7 ({White should play} 27. Qh3 $11 Nd5 28. Bxg7 Nxf4 29. Qxh6 Nxe2+ 30. Rxe2 Qxg7 31. Qe3 (31. Qxg7+ Kxg7 32. Nh3 Kf6 $17)) 27... Kxg7 $15 {[%cal Bg8g7,Bg7f6,Bf6f7][%mdl 32]} 28. Rd6 {[#]} Nc8 $1 29. R6d4 Qxc5 30. Qg3 {[%cal Of2e4]} Rb2 31. Bh5 {White does not recover from this.} (31. Qe3 $17 Nd6 32. R1d2 Rxd2 33. Qxd2) 31... Ne7 $19 {And now ...Rc2 would win. Active counter play!} 32. h4 (32. R4d2 {was called for.} Rxd2 33. Rxd2) 32... Kf6 33. Bxg6 (33. Bg4 $142 Nc6 34. h5 Nxd4 35. Rxd4) 33... Nxg6 34. h5 Ne7 {Hoping for ...Rg8.} 35. Kh1 Rg8 36. Qh4+ Kf7 37. g4 Qxc3 {( -> ...Qf3+)} 38. g5 Qf3+ {Black mates.} 39. Kg1 hxg5 40. fxg5 {[#]} Rxg5+ $1 {[%mdl 512]} 41. Qxg5 (41. Qg3 Rxg3+) 41... Qxf2+ 42. Kh1 Qh2# {Weighted Error Value: White=0.83/Black=0.29 (precise)} 0-1

[Event "8th Memorial Ekrem Galijatovic 2022"]
[Site "Sarajevo"]
[Date "2022.03.15"]
[Round "7.5"]
[White "Alhdad, Ahmed O."]
[Black "Dizdarevic, Emir"]
[Result "0-1"]
[WhiteElo "1811"]
[BlackElo "2379"]
[Annotator "TA"]
[PlyCount "54"]
[EventDate "2022.03.13"]
[EventType "tourn"]
[EventCountry "BIH"]
[SourceTitle "playchess.com"]
[Source "ChessBase"]
[SourceQuality "1"]

{[%evp 10,54,16,0,2,2,10,2,4,-16,7,-42,-39,-50,-5,-17,-12,-16,0,0,0,0,12,9,5,-27,-16,-22,-13,-20,-22,-67,79,-346,-356,-348,-354,-572,-562,-550,-513,-902,-899,-915,-906,-900,-896]} 1. d4 e6 2. c4 b6 3. Nf3 Bb7 4. e3 Nf6 5. Bd3 d5 6. Nbd2 Nbd7 {E14: Queen's Indian: Classical Variation (4 e3).} 7. b3 Bd6 8. Bb2 O-O {The position is equal.} 9. Qc2 Qe7 10. Ne5 {[#]} (10. O-O $11) 10... dxc4 $146 ({Predecessor:} 10... h6 11. O-O dxc4 12. Ndxc4 Bxe5 13. dxe5 Nd5 14. Qe2 Rfd8 15. Rac1 Nb4 16. Bb1 Nc5 {0-1 (38) Danielian,E (2413)-Semenova,E (2216) Antalya 2019}) 11. bxc4 Rfd8 (11... Bxg2 $15 12. Rg1 Bb7) 12. Nef3 c5 13. O-O h6 14. Rfe1 cxd4 15. exd4 {[%cal Be3d4,Bd4d5][%mdl 32]} Ba3 16. Bc3 {[%cal Od4d5]} Bb4 17. d5 Bxc3 18. Qxc3 Nc5 {Black wants to play ...Qd6.} 19. Bf5 $1 Rd6 20. Nd4 (20. Nb3 $11 {should be considered.}) 20... Rad8 {[#]} (20... Qd8 $15 {keeps the upper hand.} 21. Bh3 exd5) 21. Nb5 $2 {[%mdl 8192] [#] White does not recover from this.} (21. N2b3 $1 $16 {stays on course.}) 21... Nxd5 $1 $19 {[%cal Bf6d5,Bd5b4,Bb4d3][%mdl 544]} 22. Qg3 R6d7 {Hoping for ...Nb4.} 23. Nxa7 $2 (23. cxd5 Rxd5 24. Ne4) 23... Nb4 {Black is clearly winning.} ({And not} 23... exf5 24. Rxe7 Nxe7 25. Nf1 $17) 24. a3 Nbd3 25. Bxd3 (25. Nf1 $142 Nxe1 26. Rxe1) 25... Rxd3 26. Nf3 Bxf3 27. gxf3 Qxa7 {Weighted Error Value: White=0.78/Black=0.18 (very precise)} 0-1

[Event "8th Memorial Ekrem Galijatovic 2022"]
[Site "Sarajevo"]
[Date "2022.03.16"]
[Round "8.1"]
[White "Mrkovic, Nikola"]
[Black "Dizdarevic, Emir"]
[Result "0-1"]
[WhiteElo "1698"]
[BlackElo "2379"]
[Annotator "TA"]
[PlyCount "72"]
[EventDate "2022.03.13"]
[EventType "tourn"]
[EventCountry "BIH"]
[SourceTitle "playchess.com"]
[Source "ChessBase"]
[SourceQuality "1"]

{[%evp 20,72,-8,-5,-6,-16,-9,-21,-5,-8,-9,-10,-14,-12,-8,-18,-9,-27,-16,-21,-11,-97,-106,-95,-100,-97,-88,-88,-49,-86,-49,-91,-60,-123,-123,-129,-90,-108,-90,-73,-76,-118,-129,-138,-131,-208,-216,-7025,-7025,-7025,-6818,-6372,-6234,-6105,-6105]} 1. e4 c6 2. d4 d5 3. exd5 cxd5 4. Bd3 Nc6 5. c3 Nf6 6. Bf4 g6 7. Nf3 Nh5 8. Bg3 Bg7 9. Nbd2 O-O 10. O-O Nxg3 11. hxg3 Bg4 {B13: Caro-Kann: Exchange Variation and Panov-Botvinnik Attack.} 12. Re1 Qc7 13. Qb3 Rad8 {[#] The position is equal.} 14. Nf1 $146 ({Predecessor:} 14. Rac1 Rfe8 15. a3 a6 16. Qc2 Qb8 17. Nb3 e5 18. dxe5 Nxe5 19. Nfd4 Nxd3 20. Qxd3 Rxe1+ 21. Rxe1 {½-½ (76) Vo,M (1562)-Tran,T (1832) Ho Chi Minh City 2014}) 14... e5 15. Nxe5 Nxe5 16. dxe5 Bxe5 17. Rac1 Be6 18. Qa4 Bg7 19. Nh2 Qb6 20. Qb5 (20. Qc2 $11 {remains equal.}) 20... Qxb5 $17 21. Bxb5 d4 22. cxd4 Bxa2 23. Nf3 Bd5 24. Ne5 Rc8 25. Rc5 (25. f4 $15) 25... Rfd8 26. Rec1 (26. Rxc8 $15 Rxc8 27. Bd3) 26... Rxc5 27. Rxc5 Be6 {This bishop pair is nice.} 28. Bc4 Bxe5 29. Bxe6 Bxg3 30. Bxf7+ Kxf7 31. fxg3 {[%mdl 4096] Endgame KR-KR} Ke6 ({Inferior is} 31... Rxd4 32. Rc7+ Ke6 33. Rxb7 $15) 32. Rc7 (32. Re5+ $17 {was called for.} Kd6 33. Kf2) 32... Rd7 $19 ({Worse is} 32... Rxd4 33. Rxb7 Rd7 34. Rb5 $15) 33. Rxd7 (33. Rc4) 33... Kxd7 {Black is clearly winning.} 34. Kf2 Kd6 35. Ke3 Kd5 {[#] Hoping for ...a5.} 36. g4 g5 {Weighted Error Value: White=0.51/Black=0.10 (very precise)} 0-1

[Event "8th Memorial Ekrem Galijatovic 2022"]
[Site "Sarajevo"]
[Date "2022.03.16"]
[Round "8.2"]
[White "Mrndjic, Muamer"]
[Black "Alhdad, Ahmed O."]
[Result "1-0"]
[WhiteElo "2274"]
[BlackElo "1811"]
[Annotator "TA"]
[PlyCount "85"]
[EventDate "2022.03.13"]
[EventType "tourn"]
[EventCountry "BIH"]
[SourceTitle "playchess.com"]
[Source "ChessBase"]
[SourceQuality "1"]

{[%evp 16,85,14,15,19,9,40,1,7,-3,42,42,58,49,86,68,105,74,81,68,85,62,116,131,208,185,200,183,198,192,262,263,246,249,242,210,622,620,803,808,914,729,789,797,805,787,802,797,889,883,911,905,975,939,1079,1060,1429,1375,2009,1939,1964,1457,29986,29987,29987,29988,29988,6964,29997,29998,29998,29999]} 1. e4 d6 2. d4 Nf6 3. Nc3 g6 4. Be3 Bg7 5. f3 Nbd7 6. Nge2 c6 7. Qd2 b5 8. Bh6 Bxh6 9. Qxh6 b4 {B07: Pirc Defence: Miscellaneous Systems.} 10. Nd1 Qb6 11. Qd2 a5 {[#] The position is equal.} 12. g4 $146 ({Predecessor:} 12. a3 c5 13. axb4 cxb4 14. Ne3 Ba6 15. c4 a4 16. Rxa4 Rb8 17. Nf4 e6 18. c5 dxc5 19. Rxa6 {1-0 (32) Rosin,R (2417)-Thompson,B (2039) ICCF email 2000}) 12... e5 (12... c5 $11) 13. Ne3 $14 Ba6 {To avoid Nc4} 14. O-O-O Rd8 15. h4 {[%cal Bh2h4,Bh4h5][%mdl 32] White stays focused until the end.} a4 16. h5 b3 17. cxb3 (17. Kb1 {looks sharper.} bxc2+ 18. Kxc2 a3 19. b3 d5 20. exd5 O-O 21. Nc3) 17... axb3 18. a3 Bxe2 (18... O-O $14) 19. Bxe2 $16 {[#] aiming for hxg6.} d5 (19... exd4 $16 20. Nc4 (20. Qxd4 Qxd4 21. Rxd4 Ke7 $16) 20... Qc5) 20. exd5 cxd5 21. hxg6 fxg6 {[#]} 22. g5 $1 exd4 (22... Nh5 {keeps fighting.} 23. Nxd5 Qc6+ 24. Nc3 O-O) 23. Qxd4 $18 ({Weaker is} 23. gxf6 Qc5+ 24. Nc4 dxc4 25. Qxd4 Qxd4 26. Rxd4 Nxf6 27. Rxc4 O-O $14) 23... Qxd4 24. Rxd4 Nh5 25. Nxd5 Nb6 (25... Nc5 26. Bc4 O-O 27. Nf6+ Kh8 28. Rxd8 Rxd8 29. Nxh5 gxh5 30. Rxh5 Rd4) 26. Re4+ Kf7 27. Nxb6 Rhf8 28. f4 Kg7 29. Bxh5 gxh5 30. Rxh5 Rf7 31. Rh3 Kg6 32. Rxb3 Kf5 33. Rc4 Re7 34. Rb5+ Kg4 35. Nd5 Re2 36. Kb1 Rd2 37. Nf6+ Kh4 38. Rc3 {[%cal Og5g6] White threatens g6! and mate.} Rh2 39. g6 hxg6 40. Rg5 {[%csl Gf6][%cal Rg5g4]} Rd1+ 41. Rc1 (41. Ka2 $142 Rxb2+ 42. Kxb2 Rb1+ 43. Kc2 Rc1+ 44. Kd3 Rd1+ 45. Ke4 Rd4+ 46. Ke3) 41... Rdd2 42. Rg4+ Kh3 43. Rc3+ {Weighted Error Value: White=0.12 (very precise) /Black=0.56} 1-0

[Event "8th Memorial Ekrem Galijatovic 2022"]
[Site "Sarajevo"]
[Date "2022.03.16"]
[Round "8.3"]
[White "Kurtcehajic, Suad"]
[Black "Hadzovic, Amir"]
[Result "0-1"]
[WhiteElo "1968"]
[BlackElo "2290"]
[Annotator "TA"]
[PlyCount "104"]
[EventDate "2022.03.13"]
[EventType "tourn"]
[EventCountry "BIH"]
[SourceTitle "playchess.com"]
[Source "ChessBase"]
[SourceQuality "1"]

{[%evp 15,104,7,52,35,33,31,36,28,32,21,31,35,29,31,31,14,12,20,62,56,73,-94,-70,-83,-120,-123,-101,-98,-104,-112,-75,-70,-67,-114,-114,-132,-85,-100,-105,-165,-177,-172,-172,-171,-166,-172,-175,-165,-166,-541,-551,-551,-529,-523,-403,-450,-371,-691,-432,-808,-800,-792,-790,-712,0,0,0,0,0,0,0,-29980,-29980,-29983,-29984,-29984,-29985,-29985,-29986,-29986,-29987,-29987,-29983,-29992,-29984,-29992,-29984,-29984,-29985,-29985,-29986]} 1. e4 e5 2. Nf3 Nc6 3. Bc4 Nf6 4. d3 Be7 5. O-O d6 6. c3 O-O 7. Re1 {[%cal Bf1e1,Be1e3,Be3g3][%mdl 32] is now more promising than 7.Bb3.} h6 8. Nbd2 {[%cal Bb1d2,Bd2f1,Bf1e3][%mdl 32]} Nh7 {is the legacy move (8...Be6).} (8... Na5 $11) 9. Nf1 {C55: Two Knights: 4 d3, 4 d4 exd4 5 e5 and Max Lange Attack.} Ng5 10. Nxg5 Bxg5 11. Bxg5 {White is slightly better.} Qxg5 12. Re3 {[#]} Kh8 $146 ({Predecessor:} 12... Nd8 13. Rg3 Qe7 14. Ne3 Kh8 15. Nd5 Qd7 16. Qd2 c6 17. Ne3 Qe7 18. Bb3 f5 19. exf5 Bxf5 {1-0 (51) Koziol,P (1931)-Nawalaniec,L Warsaw 2017}) 13. Rg3 Qh4 14. Ne3 Ne7 15. Qd2 c6 16. Re1 d5 (16... f5 $11 17. Rh3 Qg5) 17. exd5 $14 f5 {[%cal Bf7f5,Bf5f4][%mdl 32]} 18. dxc6 $2 (18. d6 $16 {keeps the pressure on. Threatens to win with Rh3.} Ng8 19. Bxg8 Kxg8 20. Rh3) 18... f4 $17 19. cxb7 Bxb7 20. Rh3 Qg5 {Black is more active.} 21. f3 {Ng4 is the strong threat.} fxe3 $40 {[%mdl 128] Black is out for blood.} 22. Qxe3 Qxe3+ 23. Rxe3 Ng6 24. Rh5 (24. Rg3 $15 Rf6 25. Rg4) 24... Rad8 25. Kf2 Bd5 ({Black should play} 25... Rf6 26. b4 Bc8) 26. Bxd5 Rxd5 27. d4 (27. g3 $17) 27... Ra5 $19 28. a3 Rb8 29. b4 Rxa3 {aiming for ...exd4.} 30. dxe5 Rc8 31. e6 Raxc3 ({Not} 31... Rcxc3 32. Re2 Rc8 33. Kg3 $17 (33. e7 $2 Re8 $19)) 32. Rc5 $2 (32. Rxc3 {is tougher.} Rxc3 33. Rc5 Rxc5 34. bxc5) 32... R8xc5 33. bxc5 {[#]} Rxe3 ({And not} 33... Rc2+ 34. Kg1 (34. Re2 $2 Rxe2+ 35. Kxe2 Nf4+ 36. Ke3 Nxe6 $19) 34... Ne7 35. Ra3 $17) 34. Kxe3 {[%mdl 4096] Endgame KN-KP} Ne7 35. Kd4 Kg8 36. f4 $2 (36. Kc4 g5 37. Kb5) 36... Kf8 37. g4 (37. Kc4 $142 Ke8 38. g4) 37... Ke8 38. f5 Kd8 39. h4 Kc7 $2 (39... Ke8 $19 40. Kd3 Kd8) 40. Ke5 $1 $11 {And now g5 would win.} a5 41. g5 a4 42. f6 gxf6+ 43. Kxf6 $2 {[%mdl 8192]} (43. gxf6 $11 Ng6+ 44. Kf5 Nxh4+ 45. Ke4) 43... Nd5+ {Black mates.} 44. Kf7 a3 45. g6 a2 46. e7 {[#]} Nxe7 $1 {[%mdl 512]} 47. Kxe7 a1=Q 48. Kf7 Qf1+ 49. Kg7 Qf4 50. h5 Qg5 51. Kh7 Qxh5 52. g7 Qg5 {Weighted Error Value: White=0.47/Black=0.14 (very precise)} 0-1

[Event "8th Memorial Ekrem Galijatovic 2022"]
[Site "Sarajevo"]
[Date "2022.03.16"]
[Round "8.4"]
[White "Trkulja, Goran"]
[Black "Konjicanin, Muris"]
[Result "1-0"]
[WhiteElo "2255"]
[BlackElo "2166"]
[Annotator "TA"]
[PlyCount "57"]
[EventDate "2022.03.13"]
[EventType "tourn"]
[EventCountry "BIH"]
[SourceTitle "playchess.com"]
[Source "ChessBase"]
[SourceQuality "1"]

{[%evp 9,57,37,52,52,61,45,110,77,89,76,86,57,57,43,87,81,82,51,56,70,116,88,113,128,154,160,170,177,178,192,286,277,408,407,399,375,472,467,468,449,421,426,777,781,723,755,2775,2161,6187,6619]} 1. e4 d5 2. exd5 Qxd5 3. Nc3 Qd8 4. d4 Nf6 5. Nf3 Bf5 6. Ne5 {B01: Scandinavian Defence.} c6 7. g4 {[%cal Bg2g4,Bg4g5][%mdl 32]} Be4 {[#]} (7... Be6 $14) 8. Rg1 $146 {[#] aiming for g5. White is better.} ({Predecessor:} 8. Nxe4 Nxe4 9. Bg2 Nf6 10. g5 Nfd7 11. Bf4 Nxe5 12. dxe5 Qxd1+ 13. Rxd1 e6 14. Ke2 {0-1 (53) Fernandez Urrutia Polo,L (2175)-Hernando Garcia,A (2240) Aragon 1998}) 8... Bd5 9. g5 (9. Nxd5 {looks sharper.} cxd5 10. c3 e6 11. g5 Nfd7 12. Bb5) 9... Nfd7 10. Nxd5 $40 {[%cal Oe5f7][%mdl 128] Hoping for Nxf7! White attacks. White is much more active.} Nxe5 11. dxe5 {And now Nc3 would win.} Qxd5 (11... cxd5 $14 12. Bb5+ Nc6) 12. Qxd5 $16 cxd5 13. c4 Nc6 14. cxd5 Nxe5 {Black is on the road to losing.} (14... Nb4 $14) 15. Bb5+ Kd8 16. Rg3 {To avoid Nf3+} a6 17. Be2 g6 18. Rb3 h6 19. Bf4 (19. Rxb7 $6 hxg5 20. Bxg5 Rxh2 $16) 19... Bg7 (19... Nd7 $142) 20. gxh6 $18 ({Much less strong is} 20. Rxb7 $6 hxg5 21. Bxg5 Bf6 22. Bxf6 exf6 $18) 20... Bf6 (20... Rxh6 $142 21. Bxh6 (21. Rxb7 Rh4 $16) 21... Bxh6 22. Rxb7 Nd7) 21. h4 ({Weaker is} 21. Rxb7 g5 $18) 21... b5 22. a4 Kc7 23. axb5 {White is clearly winning.} axb5 24. Rc1+ Kd6 25. Rxb5 Rhc8 (25... Rac8 $142 26. Rc6+ Rxc6) 26. Rc6+ Rxc6 27. dxc6 {[%cal Bd5c6,Bc6c7][%mdl 32]} Ke6 28. c7 {[#] Intending Rb8 and mate.} Rc8 29. h7 {Weighted Error Value: White=0.08 (flawless) /Black=0.34} 1-0

[Event "8th Memorial Ekrem Galijatovic 2022"]
[Site "Sarajevo"]
[Date "2022.03.16"]
[Round "8.5"]
[White "Haznadar, Nermin"]
[Black "Selimovic, Amir"]
[Result "1/2-1/2"]
[WhiteElo "1881"]
[BlackElo "1943"]
[Annotator "TA"]
[PlyCount "96"]
[EventDate "2022.03.13"]
[EventType "tourn"]
[EventCountry "BIH"]
[SourceTitle "playchess.com"]
[Source "ChessBase"]
[SourceQuality "1"]

{[%evp 18,96,18,6,13,9,18,1,5,6,11,0,26,22,55,51,105,43,335,322,347,52,43,36,48,38,45,8,108,113,117,0,102,68,103,94,164,152,141,164,159,148,148,148,142,142,194,143,147,83,96,78,79,45,53,26,32,26,26,26,38,18,18,18,26,33,40,40,40,40,40,0,40,40,40,0,41,0,48,0,56]} 1. d4 e6 2. c4 d5 3. Nc3 Nf6 4. Nf3 Be7 5. g3 O-O 6. Bg2 dxc4 7. Qa4 c6 8. Qxc4 b5 9. Qb3 Bb7 10. O-O Nbd7 {D30: Queen's Gambit Declined: Systems without Nc3.} 11. Rd1 Qb6 12. Bf4 a6 13. Ne5 Rfd8 14. Rac1 Rac8 15. Nxd7 Nxd7 {[#]} 16. Ne4 $146 ({Predecessor:} 16. Be3 Qa5 17. Ne4 Nf6 18. Bg5 Qb6 19. Nc5 Rxd4 20. Rxd4 Bxc5 21. Rf4 Nd5 22. Rf3 {1-0 (42) Seresin,F (2258)-Varriale,L (2226) Salerno 2018}) 16... c5 (16... Nf6 $14) 17. dxc5 {White is much more active.} (17. Nxc5 $1 $16 Bxg2 18. Nxd7) 17... Bxc5 {[%mdl 8192]} (17... Nxc5 $14 18. Nxc5 Bxg2 19. Nxe6 Rxc1 20. Bxc1 Rxd1+ 21. Qxd1 Qxe6 22. Kxg2 Qxa2) 18. Nxc5 $18 Nxc5 {[#]} 19. Qe3 (19. Rxc5 $1 $18 {[%mdl 512]} Qxc5 20. Bxb7) 19... Rxd1+ $14 20. Rxd1 {Threatens to win with Bxb7.} Bxg2 21. Kxg2 {aiming for Rc1.} Qb7+ 22. Qf3 (22. f3 {is interesting.} Nd7 23. Rd6 Nf6 24. Qd4 Qa8 25. h4) 22... Qxf3+ (22... Ne4 $11 {remains equal.}) 23. Kxf3 $11 {[%mdl 4096] Endgame Rc1 is the strong threat. KRB-KRN} Na4 {[#]} 24. Rd6 (24. b3 $1 $16 {[%cal Rb3a4]} Nc3 25. Rc1) 24... Ra8 (24... Nxb2 $11 {keeps the balance.} 25. Rxa6 Nc4) 25. Rd2 f6 {[#]} 26. Rc2 $1 Nb6 (26... a5 $16) 27. Rc6 $1 $18 {[%csl LRb6,LRe6]} Nc4 28. b3 ({Don't do} 28. Rxe6 $6 Nxb2 29. Bd2 Nc4 $14) 28... e5 {Hoping for ...Na5.} 29. bxc4 exf4 30. Kxf4 bxc4 31. Rxc4 $16 {KR-KR} Kf7 (31... Re8 $16 {keeps fighting.}) 32. Rc6 ({Better is} 32. Rc7+ $18 Kg6 33. Kf3) 32... a5 33. e3 ({White should try} 33. Kf3) 33... Rb8 34. Rc2 {Prevents Rb2.} Rb4+ 35. Kf3 Ra4 36. Rd2 g5 37. h3 h5 38. Rc2 Kg6 39. g4 hxg4+ 40. hxg4 Kf7 41. Kg3 Ra3 42. Rd2 Ke6 43. Kg2 Ke5 44. Kg3 Ke6 45. Kf3 Ra4 46. Kg3 Ra3 $1 47. Kf3 Ra4 $1 48. Kg3 Ra3 $1 {Black defended with fortune.  Weighted Error Value: White=0.31/Black=0.29 (precise)} 1/2-1/2

[Event "8th Memorial Ekrem Galijatovic 2022"]
[Site "Sarajevo"]
[Date "2022.03.17"]
[Round "9.1"]
[White "Selimovic, Amir"]
[Black "Mrkovic, Nikola"]
[Result "1/2-1/2"]
[WhiteElo "1943"]
[BlackElo "1698"]
[Annotator "NA"]
[PlyCount "32"]
[EventDate "2022.03.13"]
[EventType "tourn"]
[EventCountry "BIH"]
[SourceTitle "playchess.com"]
[Source "ChessBase"]
[SourceQuality "1"]
[TimeControl "5400+30"]

1. d4 {[%emt 0:00:06]} d5 {[%emt 0:00:01]} 2. Bf4 {[%emt 0:00:09]} Nf6 {[%emt 0:01:30]} 3. e3 {[%emt 0:00:11]} e6 {[%emt 0:00:49]} 4. Nf3 {[%emt 0:00:20]} Nbd7 {[%emt 0:00:36]} 5. c3 {[%emt 0:00:30]} b6 {[%emt 0:00:46]} 6. Bd3 {[%emt 0:00:22]} Be7 {[%emt 0:00:43]} 7. Nbd2 {[%emt 0:05:14]} Bb7 {[%emt 0:02:03]} 8. Ne5 {[%emt 0:00:49]} c5 {[%emt 0:16:48]} 9. Qf3 {[%emt 0:06:47]} Rc8 {[%emt 0:08:57]} 10. g4 {[%emt 0:02:24]} cxd4 {[%emt 0:05:34]} 11. exd4 {[%emt 0:01:21]} Nxe5 {[%emt 0:03:37]} 12. Bxe5 {[%emt 0:04:26]} Bd6 {[%emt 0:10:10]} 13. Bb5+ {[%emt 0:03:48]} Bc6 {[%emt 0:04:40]} 14. Nc4 {[%emt 0:16:42]} Bxe5 {[%emt 0:02:35]} 15. Bxc6+ {[%emt 0:12:03]} Rxc6 {[%emt 0:00:07]} 16. Nxe5 {[%emt 0:00:04]} Rc7 {[%emt 0:00:07]} 1/2-1/2

[Event "8th Memorial Ekrem Galijatovic 2022"]
[Site "Sarajevo"]
[Date "2022.03.17"]
[Round "9.2"]
[White "Konjicanin, Muris"]
[Black "Haznadar, Nermin"]
[Result "1-0"]
[WhiteElo "2166"]
[BlackElo "1881"]
[Annotator "ChessBase"]
[PlyCount "97"]
[EventDate "2022.03.13"]
[EventType "tourn"]
[EventCountry "BIH"]
[SourceTitle "playchess.com"]
[Source "ChessBase"]
[SourceQuality "1"]
[TimeControl "5400+30"]

1. d4 {[%emt 0:01:37]} Nf6 {[%emt 0:00:23]} 2. Nf3 {[%emt 0:00:29]} e6 {[%emt 0:00:32]} 3. Bf4 {[%emt 0:00:44]} c5 {[%emt 0:01:14]} 4. c3 {[%emt 0:00:49]} Nc6 {[%emt 0:01:57]} 5. e3 {[%emt 0:00:11]} d5 {[%emt 0:01:28]} 6. Nbd2 {[%emt 0:00:21]} Nh5 {[%emt 0:03:50]} 7. Bg5 {[%emt 0:02:58]} f6 {[%emt 0:06:20]} 8. Bh4 {[%emt 0:00:20]} g6 {[%emt 0:00:39]} 9. Bd3 {[%emt 0:01:33]} Be7 {[%emt 0:07:17]} 10. O-O {[%emt 0:03:08]} O-O {[%emt 0:05:53]} 11. Re1 {[%emt 0:10:19]} Ng7 {[%emt 0:09:51]} 12. Bg3 {[%emt 0:01:49]} Nh5 {[%emt 0:02:52]} 13. Rc1 {[%emt 0:07:29]} c4 {[%emt 0:05:45]} 14. Bc2 {[%emt 0:03:11]} Nxg3 {[%emt 0:01:06]} 15. hxg3 {[%emt 0:00:16]} f5 {[%emt 0:00:19]} 16. Ba4 {[%emt 0:00:34]} Bd7 {[%emt 0:13:09]} 17. Bxc6 {[%emt 0:02:22]} Bxc6 {[%emt 0:00:07]} 18. Ne5 {[%emt 0:00:08]} Qc7 {[%emt 0:00:30]} 19. f4 {[%emt 0:01:07]} Bf6 {[%emt 0:03:09]} 20. Ndf3 {[%emt 0:00:23]} Rab8 {[%emt 0:05:42]} 21. Kf2 {[%emt 0:00:33]} Kg7 {[%emt 0:01:02]} 22. Rh1 {[%emt 0:00:17]} h5 {[%emt 0:00:57]} 23. Nxg6 {[%emt 0:08:22]} Kxg6 {[%emt 0:00:50]} 24. Ne5+ {[%emt 0:00:09]} Bxe5 {[%emt 0:00:09]} 25. Qxh5+ {[%emt 0:00:11]} Kf6 {[%emt 0:00:09]} 26. Qg5+ {[%emt 0:01:07]} Kf7 {[%emt 0:00:09]} 27. Rh7+ {[%emt 0:00:46]} Ke8 {[%emt 0:00:07]} 28. Qg6+ {[%emt 0:08:24]} Kd8 {[%emt 0:00:46]} 29. Rxc7 {[%emt 0:01:56]} Bxc7 {[%emt 0:00:25]} 30. Rh1 {[%emt 0:01:05]} Re8 {[%emt 0:02:41]} 31. Rh7 {[%emt 0:00:28]} Bd6 {[%emt 0:01:07]} 32. Qf7 {[%emt 0:00:44]} Re7 {[%emt 0:03:56]} 33. Qg8+ {[%emt 0:01:05]} Be8 {[%emt 0:00:36]} 34. Rxe7 {[%emt 0:01:25]} Kxe7 {[%emt 0:00:17]} 35. g4 {[%emt 0:00:15]} fxg4 {[%emt 0:02:05]} 36. Qxg4 {[%emt 0:00:12]} Bf7 {[%emt 0:01:50]} 37. Qh4+ {[%emt 0:00:38]} Kd7 {[%emt 0:01:12]} 38. g4 {[%emt 0:00:31]} Be7 {[%emt 0:03:07]} 39. Qh7 {[%emt 0:00:19]} Rf8 {[%emt 0:00:42]} 40. Kg3 {[%emt 0:00:37]} Ke8 {[%emt 0:02:10]} 41. e4 {[%emt 0:00:35]} Bg8 {[%emt 0:08:24]} 42. Qh5+ {[%emt 0:00:18]} Kd7 {[%emt 0:00:09]} 43. e5 {[%emt 0:03:04]} Bf7 {[%emt 0:02:00]} 44. Qh7 {[%emt 0:00:10]} Be8 {[%emt 0:01:43]} 45. f5 {[%emt 0:00:37]} Rf7 {[%emt 0:00:49]} 46. fxe6+ {[%emt 0:00:11]} Kxe6 {[%emt 0:00:55]} 47. Qg6+ {[%emt 0:00:08]} Rf6 {[%emt 0:01:51]} 48. Qxe8 {[%emt 0:01:07]} Rf1 {[%emt 0:00:28]} 49. Qg8+ {[%emt 0:00:31]} 1-0